| 000 | 01560nam a22003614a 4500 | ||
|---|---|---|---|
| 001 | ebr10001975 | ||
| 003 | CaPaEBR | ||
| 006 | m u | ||
| 007 | cr cn||||||||| | ||
| 008 | 000925s2001 ctua sb 001 0 eng | ||
| 010 | _z 00049194 | ||
| 020 | _z0275964531 (alk. paper) | ||
| 040 |
_aCaPaEBR _cCaPaEBR |
||
| 035 | _a(OCoLC)613393434 | ||
| 050 | 1 | 4 |
_aDS33.4.U6 _bN56 2001eb |
| 082 | 0 | 4 |
_a327.7305 _221 |
| 100 | 1 | _aNimmo, William F. | |
| 245 | 1 | 0 |
_aStars and stripes across the Pacific _h[electronic resource] : _bthe United States, Japan, and Asia/Pacific region, 1895-1945 / _cWilliam F. Nimmo. |
| 260 |
_aWestport, Conn. : _bPraeger, _c2001. |
||
| 300 |
_ax, 289 p. : _bill.,. |
||
| 504 | _aIncludes bibliographical references (p. [247]-277) and index. | ||
| 533 |
_aElectronic reproduction. _bPalo Alto, Calif. : _cebrary, _d2013. _nAvailable via World Wide Web. _nAccess may be limited to ebrary affiliated libraries. |
||
| 651 | 0 |
_aAsia _xForeign relations _zUnited States. |
|
| 651 | 0 |
_aUnited States _xForeign relations _zAsia. |
|
| 651 | 0 |
_aPacific Area _xForeign relations _zUnited States. |
|
| 651 | 0 |
_aUnited States _xForeign relations _zPacific Area. |
|
| 651 | 0 |
_aJapan _xForeign relations _zUnited States. |
|
| 651 | 0 |
_aUnited States _xForeign relations _zJapan. |
|
| 651 | 0 |
_aUnited States _xForeign relations _y20th century. |
|
| 655 | 7 |
_aElectronic books. _2local |
|
| 710 | 2 | _aebrary, Inc. | |
| 856 | 4 | 0 |
_uhttp://site.ebrary.com/lib/rucke/Doc?id=10001975 _zAn electronic book accessible through the World Wide Web; click to view |
| 999 |
_c5280 _d5280 |
||